| 000 | 00554nam a2200205Ia 4500 | ||
|---|---|---|---|
| 005 | 20260429112218.0 | ||
| 008 | 260429s9999||||xx |||||||||||||| ||und|| | ||
| 020 | _a9789355240538 | ||
| 041 | _aEnglish | ||
| 082 |
_a577.14 _bYAD |
||
| 100 | _aYadav, Rajesh Kumar | ||
| 245 | 0 |
_aElements of environmental chemistry / _cRajesh Kumar Yadav |
|
| 250 | _a1st ed. | ||
| 260 |
_aJaipur : _bOxford, _c2024. |
||
| 300 | _avii, 280 p.; hb | ||
| 650 | _a Environmental chemistry | ||
| 650 | _aEcology | ||
| 700 | _a Srivastava, Sonia Chahar | ||
| 942 | _cTB | ||
| 999 |
_c52920 _d52920 |
||